Teoría do processo: panorama doutrinário mundial
Wedi'i Gadw mewn:
| Prif Awdur: | |
|---|---|
| Fformat: | Llyfr |
| Iaith: | Portiwgaleg |
| Cyhoeddwyd: |
Salvador de Bahía
JusPODIVM
2010
|
| Pynciau: | |
| Tagiau: |
Ychwanegu Tag
Dim Tagiau, Byddwch y cyntaf i dagio'r cofnod hwn!
|
MARC
| LEADER | 00000nam a2200000 a 4500 | ||
|---|---|---|---|
| 001 | UCG3058 | ||
| 003 | CL-VaPUC | ||
| 008 | 100805e20100000BL |||||||||||||||||por|d | ||
| 020 | |a 8577613089 | ||
| 082 | 0 | 4 | |a 347.05 |b DID |2 21 |
| 100 | 0 | |a Didier, Fredie |e author |9 551856 | |
| 245 | 1 | 0 | |a Teoría do processo: panorama doutrinário mundial |
| 300 | |a v.2 | ||
| 942 | |c BK | ||
| 945 | |d 20100805 00:00:00 |a mfarfan | ||
| 260 | |a Salvador de Bahía |b JusPODIVM |c 2010 | ||
| 650 | 0 | |a Procedimiento civil |9 254870 | |
| 650 | 0 | |a Teoría del proceso |9 500872 | |
| 650 | 0 | |a Derecho procesal penal |9 255496 | |
| 583 | |a last modification |c 20100805 00:00:00 |k Rodrigo Vera | ||
| 999 | |c 342156 |d 342154 | ||
| 952 | |0 0 |1 0 |4 0 |6 347_050000000000000_DID_2010 |7 0 |8 A |9 438161 |a BIBDER |b BIBDER |d 2019-11-22 |h v.2 |i 4704363 |o 347.05 DID 2010 |p 4704363 |r 2023-01-25 |w 2019-11-22 |y BK |k DER | ||